Collins Graphic Atlas (Record no. 1357516)

MARC details
000 -LEADER
fixed length control field 00557nam a2200241Ia 4500
008 - FIXED-LENGTH DATA ELEMENTS--GENERAL INFORMATION
fixed length control field 160321s9999||||xx |||||||||||||| ||und||
040 ## - CATALOGING SOURCE
Transcribing agency English
082 ## - DEWEY DECIMAL CLASSIFICATION NUMBER
Classification number XVC/Atlas
082 ## - DEWEY DECIMAL CLASSIFICATION NUMBER
Item number BORI-14154
245 ## - TITLE STATEMENT
Title Collins Graphic Atlas
260 ## - PUBLICATION, DISTRIBUTION, ETC. (IMPRINT)
Place of publication, distribution, etc London
260 ## - PUBLICATION, DISTRIBUTION, ETC. (IMPRINT)
Name of publisher, distributor, etc Collins Clear Type Press
300 ## - PHYSICAL DESCRIPTION
Extent 135
300 ## - PHYSICAL DESCRIPTION
Dimensions C
300 ## - PHYSICAL DESCRIPTION
Accompanying material Hardbound
530 ## - ADDITIONAL PHYSICAL FORM AVAILABLE NOTE
Uniform Resource Identifier <a href="00090708.pdf">00090708.pdf</a>
563 ## - BINDING INFORMATION
Binding note Reference
630 ## - SUBJECT ADDED ENTRY--UNIFORM TITLE
Uniform title Collins Graphic Atlas
650 ## - SUBJECT ADDED ENTRY--TOPICAL TERM
Topical term or geographic name as entry element Reference
650 ## - SUBJECT ADDED ENTRY--TOPICAL TERM
Topical term or geographic name as entry element Reports
730 ## - ADDED ENTRY--UNIFORM TITLE
Uniform title Collins Graphic Atlas
942 ## - ADDED ENTRY ELEMENTS (KOHA)
Koha item type Book

No items available.